| 000 -CABECERA |
| fixed length control field |
01197nam a22002537a 4500 |
| 003 - IDENTIFICADOR DEL NÚMERO DE CONTROL |
| control field |
AR-CdUCM |
| 008 - DATOS DE LONGITUD FIJA--INFORMACIÓN GENERAL |
| fixed length control field |
190425b ||||| |||| 00| 0 spa d |
| 040 ## - FUENTE DE LA CATALOGACIÓN |
| Agencia/entidad que catalogó originalmente la obra |
MUNICIPALIDAD PROVINCIAL DEL CUSCO |
| Entidad que transcribió la catalogación |
BIBLIOTECA MUNICIPAL DEL CUSCO |
| 082 ## - NÚMERO DE LA CLASIFICACIÓN DECIMAL DEWEY |
| No. de Clasificación |
Burrito/N°56/2013 |
| 245 ## - MENCIÓN DE TÍTULO |
| Título |
El burrito cienciano : |
| Resto del título |
publicación a nivel nacional / |
| Mención de responsabilidad |
Hugo Chacón Núñez, Director y fundador |
| 260 ## - PUBLICACIÓN, DISTRIBUCIÓN, ETC. |
| Lugar de publicación, distribución, etc. |
Cusco. |
| -- |
Lima. |
| Nombre de la editorial, distribuidor, etc. |
ESCOMES, |
| Fecha de publicación, distribución, etc. |
2013. |
| 300 ## - DESCRIPCIÓN FÍSICA |
| Nº de Páginas Extensión |
46 páginas. : |
| Otros detalles físicos |
ilustraciones ; |
| Dimensiones |
29 cm. |
| 440 ## - MENCIÓN DE SERIE/PUNTO DE ACCESO ADICIONAL--TÍTULO |
| Título |
El Burrito Cienciano. |
| Número de la parte/sección de una obra |
N°56, agosto 2013. |
| 9 (RLIN) |
47631 |
| 505 ## - NOTA DE CONTENIDO CON FORMATO |
| Nota de contenido formateada |
Contenido: Temas de la actualidad que no deben eludirse sino manifestarlos. -- Homenaje al Cusco. -- Doctor Demetrio Roca Walparimachi un cienciano y cusqueño de corazón. -- El procedimiento laboral en el Perú. -- Curriculum vitae del bachiller Eleodoro Justiniani Flórez. -- Bodas de oro de la promoción 1963. |
| 650 ## - PUNTO DE ACCESO ADICIONAL DE MATERIA--TÉRMINO DE MATERIA |
| Descriptor |
Sociedad cusqueña |
| 9 (RLIN) |
47493 |
| 650 ## - PUNTO DE ACCESO ADICIONAL DE MATERIA--TÉRMINO DE MATERIA |
| Descriptor |
Colegios del Cusco |
| 9 (RLIN) |
24467 |
| 650 ## - PUNTO DE ACCESO ADICIONAL DE MATERIA--TÉRMINO DE MATERIA |
| Descriptor |
Colegio Ciencias |
| 9 (RLIN) |
47633 |
| 650 ## - PUNTO DE ACCESO ADICIONAL DE MATERIA--TÉRMINO DE MATERIA |
| Descriptor |
Siglo XX |
| 9 (RLIN) |
47561 |
| 700 ## - PUNTO DE ACCESO ADICIONAL--NOMBRE DE PERSONA |
| Nombre Personal |
Marín, Lida |
| 9 (RLIN) |
47628 |
| 700 ## - PUNTO DE ACCESO ADICIONAL--NOMBRE DE PERSONA |
| Nombre Personal |
Moscoso Salazar, Nicanor |
| 9 (RLIN) |
47634 |
| 700 ## - PUNTO DE ACCESO ADICIONAL--NOMBRE DE PERSONA |
| Nombre Personal |
Sánchez Hinojosa, Alberto |
| 9 (RLIN) |
47635 |
| 942 ## - ELEMENTOS DE PUNTO DE ACCESO ADICIONAL (KOHA) |
| Fuente de clasificación |
|
| Tipo de item |
Revistas cusqueñas |
| 945 ## - PROCESAMIENTO DE INFORMACIÓN LOCAL (OCLC) |
| Catalogador |
rac |